000 01201nam a2200241Ia 4500
003 Ost
005 20260507075412.0
008 260507s9999||||xx |||||||||||||| ||und||
020 _a9774100875
040 _cfsecg
041 _aara
082 _a600
100 _aالسجاعي، محمود محمود
_eمؤلف
245 0 _aمحاسبة التكاليف في المنظمات الصناعية والصحية /
_c محمود محمود السجاعي
260 _aالاسكندرية:
_bالمكتبة العصرية,
_c2008
300 _a729 صفحة؛
_bإيضاحات ؛
_c24 سم
504 _aالمراجع ص.723
520 _aيضم مدخل الى محاسبة التكاليف، مقومات نظام التكاليف، تحليل التكاليف، تحميل التكاليف، الرقابة والمحاسبة عن عنصر تكلفة المواد والمستلزمات، الرقابة والمحاسبة عن عنصر تكلفة الأجور، التكاليف الصناعية غير المباشرة
653 _aالتكاليف الصناعية
653 _aالمؤسسات الإجتماعية
653 _aمحاسبة التكاليف
942 _cكتاب
999 _c44417
_d44417